| 000 | 00910cab a2200229 4500 | ||
|---|---|---|---|
| 001 | WB2504-38 | ||
| 008 | 090401t1989 xxu||||| |||| 00| 0 eng d | ||
| 035 | _a(Sirsi) u42217 | ||
| 041 | _aeng | ||
| 245 | _aSimplifying housebuying | ||
| 260 | _c1989 | ||
| 350 | _a0 | ||
| 490 |
_aFinancial Adviser _vno 87, 26/1/89 p9 |
||
| 520 | _aThe NAEA has published a paper which criticises the housebuying system and makes suggestions for reform. One proposal is to set up a Property Transfer Council , which would oversee all aspects of conveyancing ; representative bodies such as the NAEA could be designated as self-regulatory bodies to ensure their members behave ethically. | ||
| 650 | _aESTATE AGENCY STANDARDS AUTHORITY | ||
| 650 | _aESTATE AGENCY | ||
| 650 | _aHOUSE PURCHASE | ||
| 650 | _aMULTI DISCIPLINARY PRACTICES | ||
| 690 | _aPROPERTY LAW AND PRACTICE | ||
| 942 | _n0 | ||
| 948 | _c04/03/1997 | ||
| 999 |
_c27117 _d27117 |
||